|
|
|
|
| LEADER |
01716nam a22004452a 4500 |
| 001 |
000128256 |
| 003 |
CZ BrMZK |
| 005 |
20260212111214.0 |
| 007 |
ta |
| 008 |
950101s1992 xo e p 0 slo d |
| 040 |
|
|
|a BOA001
|b cze
|
| 043 |
|
|
|a e-xo---
|
| 045 |
|
|
|a w-x-
|
| 072 |
|
7 |
|a 82.0
|x Literatura (teorie)
|2 Konspekt
|9 11
|
| 072 |
|
7 |
|a 37.016
|x Učební osnovy. Vyučovací předměty. Učebnice
|2 Konspekt
|9 22
|
| 080 |
|
|
|a 82-1/-8
|2 MRF
|
| 080 |
|
|
|a 82.07
|2 MRF
|
| 080 |
|
|
|a (437.6)
|2 MRF
|
| 080 |
|
|
|a (075.8)
|2 MRF
|
| 100 |
1 |
|
|a Sabol, Ján,
|d 1939-
|7 mzk2002144931
|4 aut
|
| 245 |
1 |
0 |
|a Interpretácia umeleckého textu /
|c Ján Sabol, František Ruščák, Oľga Sabolová
|
| 250 |
|
|
|a 1. vyd.
|
| 260 |
|
|
|a Košice :
|b Univerzita P.J. Šafárika,
|c 1992
|
| 300 |
|
|
|a 263 s.
|
| 490 |
1 |
|
|a Vysokoškolské učebné texty
|
| 504 |
|
|
|a Obsahuje bibliografie
|
| 648 |
|
7 |
|a 19.-20. století
|7 ch757015
|
| 650 |
0 |
7 |
|a umělecká literatura
|7 ph116528
|x Slovensko
|y 19.-20. století
|2 czenas
|
| 650 |
0 |
7 |
|a interpretace a přijetí literárního díla
|7 ph137145
|2 czenas
|
| 650 |
0 |
9 |
|a belles-lettres
|z Slovakia
|y 19th-20th centuries
|2 eczenas
|
| 650 |
0 |
9 |
|a interpretation and reception of literature
|2 eczenas
|
| 655 |
|
7 |
|a učebnice vysokých škol
|7 fd133772
|2 czenas
|
| 655 |
|
9 |
|a textbooks (higher)
|2 eczenas
|
| 700 |
1 |
|
|a Ruščák, František,
|d 1941-
|7 mzk2002144900
|4 aut
|
| 700 |
1 |
|
|a Sabolová, Oľga,
|d 1945-2021
|7 ola2002161102
|4 aut
|
| 810 |
2 |
|
|a Univerzita Pavla Jozefa Šafárika v Košiciach.
|t Vysokoškolské učebné texty
|0 s
|
| 910 |
|
|
|a BOA001
|b 4-0980.281
|
| 990 |
|
|
|a BK
|
| 991 |
|
|
|b 200804
|
| 996 |
7 |
|
|b 2619973450
|c 4-0980.281
|l MZK
|r Sklad / do 1 hodiny
|n 18
|w 000128256
|u 000010
|a 1
|e BOA001
|j MZK50
|s A
|